000 00745nam a22002057a 4500
003 NUST
005 20240718130215.0
008 190726b ||||| |||| 00| 0 eng d
038 _aMr. Noman
082 _a200
100 _aFaraz, Zahid
_918637
245 _aDevelopment of An Integrated Framework For Optimization of Sheet Metal Work Through Bi-Directional Information Flow Between Design and manufacturing Processes /
_cZahid Faraz.
260 _aRawalpindi:
_bCEME - NUST,
_c2016.
300 _a269 p.: ill.;
_c30cm.
500 _aHardcover.
650 _aPhD- Mechanical Engineering
_984150
700 _aSupervisor;Dr. Syed Waheed ul Haq.
_918639
856 _uhttp://10.250.8.41:8080/xmlui/handle/123456789/27107
942 _2ddc
_cSC
999 _c527403
_d527403